000 00849nas a2200277 4500
001 BR8905409
003 BR-BrBNA
005 20231205091746.0
007 ta
008 230509b bl.|||p| |||| 00| 00por d
040 _aBR-BrBNA
_bpor
_cBiblioteca Nacional de Agricultura
041 _a(Pt)
072 _aQ54
100 1 _aKohmann, C.
100 1 _aBassols, P.A.
100 1 _aCostanzi, A.R.
100 1 _aSoares, H.H.P.R.F.
100 1 _aSilva, V.P.S.
245 1 _aAvaliacao de consumo de clones de Phalaris ssp. contendo alto teor de alcaloides
650 _aALPISTE
650 _aCLONE
650 _aCONSUMO
773 0 _tAnuario Tecnico do Instituto de Pesquisas Zootecnicas Francisco Osorio (Brazil)
_xISSN 0100-2546
_g(Dec 1986), v. 13 p. 67-86
_wBR8905409
909 _a202311
_bLúcia
_c55
_dLúcia Elande
942 _2AGRIS
_n0
_cANA
999 _c127154
_d127154